| 000 | 00635nam a2200241 a 4500 | ||
|---|---|---|---|
| 001 | nice12345678 | ||
| 003 | IN_TiNIC | ||
| 005 | 20260116012212.0 | ||
| 008 | 050524s1974 newa grp 000 0 eng | ||
| 020 |
_a _c100 |
||
| 082 | 0 | 0 |
_a973.9 _bMOR |
| 100 | _aMorris, Richard B | ||
| 245 | _aEmerging Nations and the American Revolution. | ||
| 260 |
_aNew Delhi _bEurasia Publishing House _c1974 |
||
| 300 | _a238p | ||
| 500 | _aincludes index and biblioraphy | ||
| 505 | 2 | _afour volumes bound together | |
| 650 | _aUnited States of America | ||
| 700 | 1 | _aMorris, Richard B | |
| 902 | _bSRS | ||
| 942 | _cBK | ||
| 999 |
_c6057 _d6057 |
||